00773nam a2200217 a 450000100100000000500170001000800410002704000250006808200080009310000350010124000290013624500930016525000120025826000320027030000210030249000310032370000380035483000380039295201080043099900170053800004214920201002035953.0131114s1968 sp 001 0 spa d aDO-SdBNPbspacBNPHU axxx1 aGalbraith, John Kenneth96914310aThe new industrial state13aEl nuevo estado industrial. /cJohn Kenneth Galbraith; traducción, Manuel Sacristán. a2a. ed. aBarcelona, :bAriel,c1968. a457 p. ;c22 cm.1 aZetein, estudios y ensayos1 aSacristán, Manueletrad.960943 0aZetein, estudios y ensayos969144 001050718MOaGRbGRcCTd2013-11-14iLF1l0oxxx p42149-10r2020-06-25w2020-06-25y1ZNo se presta c41638d41638